Quelle capitale va avec ses drapeaux 2? - Statistiques

Statistiques générales
  • Ce quiz a été pris 56 fois
  • Le résultat moyen est 11 sur 16
Statistiques - réponses
Par images Réponse % Correct
Washington
100%
Berlin
98%
Dublin
96%
Buenos Aires
92%
Tunis
92%
Oslo
91%
Rome
85%
Monaco
75%
Bamako
58%
Abou Dabi
57%
Bichkek
49%
Freetown
45%
Lusaka
40%
Tarawa
38%
Roseau
36%
Macao
25%
Aucun quiz correspondant
Distribution des résultats
% des personnes avec chaque résultat
Percentile par nombre de réponses
Votre historique - résultats
Vous n’avez pas pris ce quiz